00561nam a22001697a 450000500170000001000150001702000260003203500140005803700130007208200140008524501090009925000060020826000500021427000710026430000210033570000350035620240319150724.0 aENG-139767 a9789354420344c760.00 aEN-123299 bDBAD/PUB a791.4321 aTollygunge to Tollywood:cBy Anugyan Nag and Spandan BhattacharyabThe Bengali Film Industry Reimagined/ a1 aHyderabadbOrient Blackswan Private Ltdc2021 a3-6-752, Himayatnagar bHyderabade500029minfo@orintblackswan.com a214p.c22cm(pbk) aBhattacharya, Spandan eAuthor